Online
Catalog

Tres autores en la historia de Baralt / (Record no. 1152)

MARC details
000 -CABECERA
campo de control de longitud fija 00981cam a2200229 a 4500
001 - NÚMERO DE CONTROL
campo de control 000001202
005 - FECHA Y HORA DE LA ÚLTIMA TRANSACCIÓN
campo de control 20200929145515.0
008 - DATOS DE LONGITUD FIJA--INFORMACIÓN GENERAL
campo de control de longitud fija 750225s1966 ve 000 0 spa
040 ## - FUENTE DE LA CATALOGACIÓN
Centro catalogador/agencia de origen DO-SdBNP
Lengua de catalogación spa
Centro/agencia transcriptor BNPHU
082 ## - NÚMERO DE LA CLASIFICACIÓN DECIMAL DEWEY
Número de clasificación 907.2
Número de documento/Ítem B224M
100 1# - ENTRADA PRINCIPAL--NOMBRE DE PERSONA
Nombre de persona Mieres, Antonio
9 (RLIN) 4101
245 10 - MENCIÓN DE TÍTULO
Título Tres autores en la historia de Baralt /
Mención de responsabilidad, etc. Antonio Mieres ; prólogo, Eduardo Arcila Farías.
260 ## - PUBLICACIÓN, DISTRIBUCIÓN, ETC.
Lugar de publicación, distribución, etc. Caracas :
Nombre del editor, distribuidor, etc. Facultad de Humanidades y Educación. Instituto de Estudios Hispanoamericanos. Universidad Central de Venezuela,
Fecha de publicación, distribución, etc. 1966.
300 ## - DESCRIPCIÓN FÍSICA
Extensión 175 p. ;
Dimensiones 24 cm.
504 ## - NOTA DE BIBLIOGRAFÍA, ETC.
Nota de bibliografía, etc. Incluye notas al pie de las páginas
600 14 - PUNTO DE ACCESO ADICIONAL DE MATERIA--NOMBRE DE PERSONA
Nombre de persona BARALT, RAFAEL MARÍA,
Fechas asociadas al nombre 1810-1860.
Subdivisión general CRÍTICA E INTERPRETACIÓN
9 (RLIN) 4102
600 14 - PUNTO DE ACCESO ADICIONAL DE MATERIA--NOMBRE DE PERSONA
Nombre de persona OVIEDO Y BAÑOS, JOSÉ,
Fechas asociadas al nombre 1671-1738.
9 (RLIN) 4103
651 #4 - PUNTO DE ACCESO ADICIONAL DE MATERIA--NOMBRE GEOGRÁFICO
Nombre geográfico Venezuela
Subdivisión general Historiografía
9 (RLIN) 4104
600 14 - PUNTO DE ACCESO ADICIONAL DE MATERIA--NOMBRE DE PERSONA
Nombre de persona JOSEPH DE PONS, FRANCOIS RAYMOND,
Fechas asociadas al nombre 1751-1812.
9 (RLIN) 4105
600 14 - PUNTO DE ACCESO ADICIONAL DE MATERIA--NOMBRE DE PERSONA
Nombre de persona MONTENEGRO COLÓN, FELICIANO,
Fechas asociadas al nombre 1781-1853.
9 (RLIN) 4106
700 1# - PUNTO DE ACCESO ADICIONAL--NOMBRE DE PERSONA
Nombre de persona Arcila Farías, Eduardo,
Término indicativo de función/relación pról.
9 (RLIN) 4107
Holdings
Estado de retiro Estado de pérdida Restricciones de uso No para préstamo Código de colección Localización permanente Ubicación/localización actual Ubicación en estantería Fecha de adquisición Número de inventario Total de préstamos Signatura topográfica completa Código de barras Fecha visto por última vez Precio válido a partir de Tipo de ítem Koha
    Préstamo interno Préstamo en sala Dominicana de Servicio Biblioteca Nacional Pedro Henríquez Ureña Biblioteca Nacional Pedro Henríquez Ureña Depósito 10.07.2009 LF1   907.2 B224M 1202-10 25.06.2020 25.06.2020 Libros y folletos

Powered by Koha